Sú to komáre. Nik ich nemá rád?

Bibliographic Details
Main Author: Bernát, Daniel (Author)
Format: Article
Language:Slovak
PhysicalDescription:Fotogr.
ISSN:1335-4050
Subjects:

MARC

LEADER 00000nab a2200000 ar4500
001 vtls010203298
003 SK-MaSNL
005 20260303093807.0
008 110113c20100703xo ||||||||||||00 b|slo
015 |a SNBRB2011/01  |2 snkbucl 
038 |a SNKBUCL 
040 |a SNKBUCL  |b slo  |c SNKBUCL  |e AACR2 
041 0 |a slo 
044 |a xo  |c SK 
080 |a 791.221.2  |x (73)  |2 2001 
100 1 |a Bernát, Daniel  |4 aut  |9 267728 
245 1 0 |a Sú to komáre. Nik ich nemá rád?  |c Daniel Bernát 
300 |b Fotogr. 
630 0 7 |a Twilight sága (filmová séria)  |2 snkbucl  |9 162557 
655 7 |a recenzie  |2 snkbucl  |9 21907 
773 0 |t Pravda  |g Roč. XX, č. 152 (3.7.2010), s. 44  |x 1335-4050 
852 |a SNK  |b KIS3GCP 
958 |a RC 
999 |c 1817211  |d 1819141